Score 0/20 Timer 08:00
0 Plays Today
Proximity Show Title Broadway Musical % Correct
Okra!Oklahoma!
92.2%
AnnexAnnie
90.7%
Jet Chosen SuperveneJesus Christ Superstar
84.5%
Swell ChariotSweet Charity
82.2%
BrigadierBrigadoon
81.4%
A Litmus Niece MuseumA Little Night Music
78.3%
Bimonthly EllipseBilly Elliot
75.2%
Sprite AwardSpring Awakening
72.1%
GrazeGrease
67.4%
RenunciationRent
62%
Proximity Show Title Broadway Musical % Correct
The ProfaneThe Producers
58.9%
The Pakistani GambleThe Pajama Game
53.5%
Carniverous, or ChandelierCaroline, or Change
52.7%
AppetiteApplause
45%
Alkali Shone UnyokeAll Shook Up
42.6%
OmnivorousOnce
36.4%
Forum Secede Strength42nd Street
24.8%
Flotilla, the Recurring MemoryFlora, The Red Menace
22.5%
The Mother Hanker FelineThe Most Happy Fella
18.6%
Vessel Gong EdgeVery Good Eddie
7%
Remove Ads.
Support Sporcle.
Get the best of Sporcle when you Go Orange. This ad-free experience offers more features, more stats, and more fun while also helping to support Sporcle. Thank you for becoming a member.

You're not logged in!

Compare scores with friends on all Sporcle quizzes.
OR
Log In

Show Comments

Extras

Top Quizzes Today


Score Distribution

Your Account Isn't Verified!

In order to create a playlist on Sporcle, you need to verify the email address you used during registration. Go to your Sporcle Settings to finish the process.

Report this User

Report this user for behavior that violates our Community Guidelines.

Details: